Swami Vivekananda's Neo-Vedanta: (Record no. 189322)

MARC details
000 -LEADER
fixed length control field 00600nam a22001697a 4500
005 - DATE AND TIME OF LATEST TRANSACTION
control field 20220623131051.0
010 ## - LCCN (DPL NO)
LC control number ENG-133350
020 ## - INTERNATIONAL STANDARD BOOK NUMBER
International Standard Book Number 9789381325155
Terms of availability 75.00
035 ## - SYSTEM CONTROL NUMBER
System control number EN-116882
037 ## - SOURCE OF ACQUISITION
Source of stock number/acquisition DBAD/PUB
100 ## - MAIN ENTRY--PERSONAL NAME
Personal name Panday, Dulal Chandra
245 ## - TITLE STATEMENT
Title Swami Vivekananda's Neo-Vedanta:
Remainder of title In Theory&Practice: A Critical Study/
Statement of responsibility, etc Dulal Chandra Panday
260 ## - PUBLICATION, DISTRIBUTION, ETC. (IMPRINT)
Place of publication, distribution, etc Kolkata
Name of publisher, distributor, etc Swami Sarvabhutananda
Date of publication, distribution, etc 2012
270 ## - ADDRESS
Address Ramakrishna Mission Institute of Culture
City Kolkata
Postal code 700029
300 ## - PHYSICAL DESCRIPTION
Extent vii,130p.
Dimensions 22cm(pbk)
Other physical details References and Bibliography
942 ## - ADDED ENTRY ELEMENTS (KOHA)
Source of classification or shelving scheme Dewey Decimal Classification
Item type English Books
Classification part 181.48
Call number suffix PAN
Holdings
Withdrawn status Lost status Not for loan Collection code Home library Current library Date acquired Source of acquisition Cost, normal purchase price Full call number Barcode Copy number Cost, replacement price Koha item type
      Non-fiction Ashok Vihar Ashok Vihar 23/06/2022 DBAD/PUB 75.00 181.48 PAN EN-116882 1 75.00 English Books

© Delhi Public Library
Hit Counter
free hit counter